000 00648nam a2200181 a 4500
005 20231012063537.0
008 991125s1967 ag 000 0 spa u
035 _aUPN01000057639
049 _aCE
050 4 _aD735
_bD6.88
100 1 _aDollinger, Hans
245 1 4 _aLos últimos cien días :
_ben fotografías y documentos /
_cpor Hans Dollinger ; asesor técnico Adolf Jacobsen ; tr. Antonio Tomas.
260 _aBuenos Aires :
_bPlaza & Janes,
_c1967.
300 _a444 p. :
_bprincipalmente il.
500 _a"La terminación de la segunda guerra mundial en Europa y Asia"
650 4 _aGuerra Mundial II, 1939-1945
_910597
905 _aLibro
999 _c57639
_d57639